Bundesliga Torschützen 2021/2022 - Statistiken

Allgemein
  • Dieses Quiz wurde 1.291 mal gespielt
  • Das Durchschnittsergebnis liegt bei 10 aus 14
Antwortstatistiken
Tore Verein Spieler % Korrekt
35 FC Bayern München Robert Lewandowski
100%
22 Borussia Dortmund Erling Haaland
94%
24 Bayer Leverkusen Patrik Schick
91%
20 RB Leipzig Christopher Nkunku
88%
20 1. FC Köln Anthony Modeste
87%
14 FC Bayern München Serge Gnabry
87%
12 VfL Wolfsburg / 1. FC Union Berlin Max Kruse
78%
10 Bor. Mönchengladbach Alassane Pléa
73%
13 Bayer Leverkusen Moussa Diaby
66%
11 RB Leipzig André Silva
63%
12 Bor. Mönchengladbach Jonas Hofmann
57%
10 VfL Bochum Sebastian Polter
46%
15 1. FC Union Berlin Taiwo Awoniyi
45%
11 1. FSV Mainz 05 Jonathan Burkardt
35%
Keine übereinstimmenden Quizze gefunden
Verteilung der Resultate
Anzahl Personen mit jedem Resultat
Perzentil nach korrekt beantworteten Fragen
Ihre Resultats-Entwicklung
Sie haben dieses Quiz noch nicht gespielt